| 000 | 00815nas a2200217 4500 | ||
|---|---|---|---|
| 001 | 33050 | ||
| 003 | BD-RjUL | ||
| 005 | 20211209051934.0 | ||
| 008 | 140429s1968 nu ar y 0uuua0eng | ||
| 035 |
_a(BD-RjUL)33140 _a0363818 _aPITT NO. 4029900003 |
||
| 040 |
_aDLC _cMUL _dCOO _dHUL _dBOS _dBD-RjUL _beng |
||
| 041 | _aeng | ||
| 082 | 0 | 0 |
_221 _a370.058 _bINI V-29 1968 |
| 110 | 1 | 4 |
_athe International Bureau of Education. _9100437 |
| 245 | 0 | 0 |
_aInternational yearbook of education / _nVOL. XXIX _cthe International Bureau of Education. |
| 260 |
_aGeneva : _bUnesco, _cc1968. |
||
| 300 |
_axc,537 p. ; _c24 cm. |
||
| 490 | 1 | _aPublication - United Nations Educational, Scientific and Cultural Organisation, International Bureau of Education. | |
| 650 | 0 |
_aEducation _xHandbooks, manuals, etc. _962239 |
|
| 942 |
_2ddc _cBK |
||
| 999 |
_c33050 _d33050 |
||